000 00461nam a22001937a 4500
003 MPLRDC
005 20220104114730.0
008 210129b ||||| |||| 00| 0 eng d
020 _a7-208-00151-0
082 _a220.7 LYH
100 _a赖永海
245 _a中国佛性论
_c
250 _a一版一刷
260 _a
_b上海人民出版社
_c1988
300 _b
490 _a人文研究丛书
650 _a佛教杂论
942 _cBK
_o220.7 LYH
999 _c9793
_d9783